Policing reform: a study of the reform process and police institution in Toronto
| VerfasserInnen: | ; |
|---|---|
| Medienart: | Druck Buch |
| Sprache: | Englisch |
| Veröffentlicht: |
Toronto
Centre of Criminology, Univ.
1984
|
| In: |
Research report of the Centre of Criminology, University of Toronto (18)
Jahr: 1984 |
| Bestand in Tübingen: | In Tübingen vorhanden. UB: KB 6 E 463 |
| Verfügbarkeit prüfen: | HBZ Gateway |
| Subito Bestelldienst: | Jetzt bestellen. |
MARC
| LEADER | 00000cam a22000002c 4500 | ||
|---|---|---|---|
| 001 | 1090007132 | ||
| 003 | DE-627 | ||
| 005 | 20251224220315.0 | ||
| 007 | tu | ||
| 008 | 900322s1984 xx ||||| 00| ||eng c | ||
| 035 | |a (DE-627)1090007132 | ||
| 035 | |a (DE-576)020007132 | ||
| 035 | |a (DE-599)BSZ020007132 | ||
| 035 | |a (OCoLC)11470275 | ||
| 040 | |a DE-627 |b ger |c DE-627 |e rakwb | ||
| 041 | |a eng | ||
| 082 | 0 | |a 363.2/2/09713541 | |
| 100 | 1 | |a Ericson, Richard Victor |d 1948-2007 |0 (DE-588)132359855 |0 (DE-627)521904595 |0 (DE-576)160877814 |4 aut | |
| 109 | |a Ericson, Richard Victor 1948-2007 |a Ericson, Richard V. 1948-2007 |a Ericson, Richard 1948-2007 | ||
| 245 | 1 | 0 | |a Policing reform |b a study of the reform process and police institution in Toronto |c W. Maeve MacMahon and Richard V. Ericson |
| 264 | 1 | |a Toronto |b Centre of Criminology, Univ. |c 1984 | |
| 300 | |a VI, 166 S. | ||
| 336 | |a Text |b txt |2 rdacontent | ||
| 337 | |a ohne Hilfsmittel zu benutzen |b n |2 rdamedia | ||
| 338 | |a Band |b nc |2 rdacarrier | ||
| 490 | 1 | |a Research report of the Centre of Criminology, University of Toronto |v 18 | |
| 583 | 1 | |a Archivierung prüfen |c 20200919 |f DE-640 |z 2 |2 pdager | |
| 700 | 1 | |a MacMahon, Maeve W. |d 1957- |0 (DE-588)1145642802 |0 (DE-627)1006838686 |0 (DE-576)166355550 |4 aut | |
| 810 | 2 | |a University of Toronto |b Centre of Criminology |t Research report of the Centre of Criminology, University of Toronto |v 18 |9 18 |w (DE-627)108941594X |w (DE-576)01941594X |7 am | |
| 951 | |a BO | ||
| ELC | |b 1 | ||
| LOK | |0 000 xxxxxcx a22 zn 4500 | ||
| LOK | |0 001 2142461476 | ||
| LOK | |0 003 DE-627 | ||
| LOK | |0 004 1090007132 | ||
| LOK | |0 005 20020606000000 | ||
| LOK | |0 008 900322||||||||||||||||ger||||||| | ||
| LOK | |0 040 |a DE-21 |c DE-627 |d DE-21 | ||
| LOK | |0 852 |a DE-21 | ||
| LOK | |0 852 1 |c KB 6 E 463 |9 00 | ||
| LOK | |0 935 |a krim | ||
| LOK | |0 936ln |a k4.5.1.1 | ||
| LOK | |0 939 |a 22-03-90 |b l01 | ||
| ORI | |a SA-MARC-krimdoka001.raw | ||
| SIG | |a UB: KB 6 E 463 | ||
